Online
Catalog

Aben-Humeya : (Record no. 39367)

MARC details
000 -CABECERA
campo de control de longitud fija 00573nam a2200181 a 4500
001 - NÚMERO DE CONTROL
campo de control 000039877
005 - FECHA Y HORA DE LA ÚLTIMA TRANSACCIÓN
campo de control 20201002033802.0
008 - DATOS DE LONGITUD FIJA--INFORMACIÓN GENERAL
campo de control de longitud fija 130725s2010 sp ag r 000 0 spa d
020 ## - NÚMERO INTERNACIONAL ESTÁNDAR DEL LIBRO
Número Internacional Estándar del Libro 9788482266954
040 ## - FUENTE DE LA CATALOGACIÓN
Centro catalogador/agencia de origen DO-SdBNP
Lengua de catalogación spa
Centro/agencia transcriptor BNPHU
082 ## - NÚMERO DE LA CLASIFICACIÓN DECIMAL DEWEY
Número de clasificación xxxx
Número de documento/Ítem B276
100 1# - ENTRADA PRINCIPAL--NOMBRE DE PERSONA
Nombre de persona Barrios, Ángel
9 (RLIN) 66089
245 10 - MENCIÓN DE TÍTULO
Título Aben-Humeya :
Resto del título momentos musicales /
Mención de responsabilidad, etc. Ángel Barrios ; edición Ismael Ramos.
260 ## - PUBLICACIÓN, DISTRIBUCIÓN, ETC.
Lugar de publicación, distribución, etc. Granada, España :
Nombre del editor, distribuidor, etc. Junta de Andalucia,
Fecha de publicación, distribución, etc. 2010.
300 ## - DESCRIPCIÓN FÍSICA
Extensión 72 p. :
Otras características físicas il., mus. ;
Dimensiones 34 cm.
590 ## - NOTA LOCAL (RLIN)
Nota local Inventariado, 2019/BT
700 1# - PUNTO DE ACCESO ADICIONAL--NOMBRE DE PERSONA
Nombre de persona Ramos, Ismael
Término indicativo de función/relación ed.
9 (RLIN) 66090
Holdings
Estado de retiro Estado de pérdida Restricciones de uso No para préstamo Código de colección Localización permanente Ubicación/localización actual Ubicación en estantería Fecha de adquisición Número de inventario Total de préstamos Signatura topográfica completa Código de barras Fecha visto por última vez Precio válido a partir de Tipo de ítem Koha
      Excluido de préstamo Monografías: Libros y Folletos General General Depósito 25.07.2013 LF1   xxxx B276 39877-10 25.06.2020 25.06.2020 No se presta

Powered by Koha